| 000 | 00508nam a2200193 u 4500 | ||
|---|---|---|---|
| 005 | 20230602063746.0 | ||
| 008 | 100517s2009 r 000 0 eng d | ||
| 020 | _a9786071600462 | ||
| 035 | _aUPN01000175883 | ||
| 049 | _aCG | ||
| 050 | 4 |
_aPQ7298.15 S6 _bE8.2 |
|
| 100 | 1 | _aEsquinca, Bernardo | |
| 245 | 1 | 4 |
_aLos escritores invisibles / _cBernardo Esquinca. |
| 260 |
_aMéxico : _bFCE, _c2009. |
||
| 300 | _a110 p. | ||
| 440 | 0 | _aLetras mexicanas | |
| 650 | 4 |
_aNovela mexicana _94557 |
|
| 905 | _aLibro | ||
| 999 |
_c147986 _d147986 |
||